000 00318nam a2200109Ia 4500
008 200302s9999 xx 000 0 und d
100 _aDr. Jasdeep Kaur
245 _aDomestic Consumption Pattern in Urban Areas Retrospective and Prospective Analysis
260 _bMadhav Books Pvt. Ltd.
260 _c2017
300 _a261
999 _c6036
_d6036